00357 2200145 4500245006700000250001000067100002600077650001800103005001900121260002300140041001400163084001200177300001300189336000900202 aNational Energi Council Book 2017cdewan energi nationalhText aCet.1 adewan energi national ateknik energy a20240918141219 aJakartabDENc2017 aIndonesia a261.042 a88 hlm : atext